000 01001nam a2200265Ia 4500
003 OSt
005 20220923212825.0
006 a|||||r|||| 00| 0
007 ta
008 220922b |||||||| |||| 00| 0 hin d
024 _a156,124
037 _cTextual
040 _aARTS
_cARTS
_bhin
041 _2hin
_ahin
082 _aO1518,1F75,1:g, 152K0
100 _aअब्दुल रहमान
245 0 _aसंदेश रासक, सम्पा हजारीप्रसाद द्विवेदी एवं विश्वनाथ त्रिपाटी
246 _aSandesh rāsaka, sampā0 hajārīprasād dvivedī evan vishvanāth tripāṭī
250 _aसंस्क 1
260 _aदिल्ली
_b राजकमल
_c1991
300 _a236 पृ.
_ccm.
650 _aसंस्कृत साहित्य
942 _hO1518,1F75,1:g, 152K0
_cTEXL
_2CC
999 _c311445
_d311445